[Event "Karoun Masters Cup 6th"]
[Site "Ahvaz"]
[Date "2019.02.25"]
[Round "7"]
[White "Mosadeghpour, Masoud"]
[Black "Lomsadze, David"]
[Result "0-1"]
[WhiteElo "2531"]
[BlackElo "2286"]
[PlyCount "104"]
[EventDate "2019.02.21"]
[EventType "swiss"]
[EventRounds "9"]
[EventCountry "IRI"]
[SourceTitle "CBM 189 Extra"]
[Source "ChessBase"]
[SourceDate "2019.05.31"]
[SourceVersion "1"]
[SourceVersionDate "2019.05.31"]
[SourceQuality "1"]

1. e4 e5 2. Nf3 Nc6 3. Bb5 Bc5 4. c3 f5 5. d4 fxe4 6. Nxe5 Nxe5 7. Qh5+ Nf7 8. Bc4 Qe7 9. dxc5 Nf6 10. Bxf7+ Kf8 11. Qh4 Kxf7 12. Be3 b6 13. Qf4 Ba6 14. Qxc7 Nd5 15. Qd6 Qxd6 16. cxd6 Nxe3 17. fxe3 Ke6 18. Na3 Bd3 19. 0-0-0 Rhf8 20. Rd2 Rf6 21. Nc2 Raf8 22. Rhd1 Rf2 23. b3 Rxd2 24. Rxd2 Rf1+ 25. Kb2 a5 26. Na3 Kxd6 27. Nc4+ Kc5 28. Ne5 d5 29. a3 Rb1+ 30. Ka2 Re1 31. b4+ Kb5 32. bxa5 bxa5 33. Nxd3 exd3 34. Rxd3 Re2+ 35. Kb1 Kc4 36. Rd4+ Kb3 37. Kc1 Kxc3 38. Rxd5 Re1+ 39. Rd1 Rxe3 40. Rf1 a4 41. Kd1 Kb2 42. Rf7 Rxa3 43. Rxg7 Rb3 44. Rc7 Rd3+ 45. Ke2 Rc3 46. Rxh7 a3 47. Rb7+ Rb3 48. Ra7 a2 49. Kd2 a1Q 50. Rxa1 Kxa1 51. h4 Kb2 52. Ke2 Ka3 0-1

[Event "Caspian Cup 17th"]
[Site "Bandar e Anzali"]
[Date "2019.02.15"]
[Round "4"]
[White "Lomsadze, David"]
[Black "Bernadskiy, Vitaliy"]
[Result "0-1"]
[WhiteElo "2286"]
[BlackElo "2570"]
[PlyCount "98"]
[EventDate "2019.02.12"]
[EventType "swiss"]
[EventRounds "9"]
[EventCountry "IRI"]
[SourceTitle "CBM 189 Extra"]
[Source "ChessBase"]
[SourceDate "2019.05.31"]
[SourceVersion "1"]
[SourceVersionDate "2019.05.31"]
[SourceQuality "1"]

1. d4 g6 2. e4 Bg7 3. c4 d6 4. Nc3 Nf6 5. f3 0-0 6. Be3 c6 7. Nge2 a6 8. Nc1 b5 9. Nb3 Nbd7 10. Qd2 Bb7 11. Be2 bxc4 12. Bxc4 a5 13. Na4 Nb6 14. Nxb6 Qxb6 15. 0-0 a4 16. Nc1 Nd7 17. Rb1 Ba6 18. Bxa6 Qxa6 19. Nd3 Nb6 20. Rfc1 Nc4 21. Qe2 Nxe3 22. Qxe3 Qb6 23. e5 Ra5 24. f4 Rd5 25. Rc4 dxe5 26. Nxe5 Bxe5 27. fxe5 Rfd8 28. Rf1 Qxb2 29. Qf4 Rf8 30. Rxa4 f5 31. Qh4 Qb7 32. Rc4 Rfd8 33. Kh1 Qa7 34. Rxc6 Rxd4 35. Qh6 Rg4 36. h3 Rg3 37. Qf4 Qe3 38. Qc4+ Kg7 39. Re6 Rd4 40. Rxe7+ Kh6 41. Rxh7+ Kxh7 42. Qf7+ Kh6 43. Qf8+ Kh5 44. Qh8+ Qh6 45. Qe8 Rf4 46. Rg1 Rf2 47. e6 Qg7 48. Qf7 Qh8 49. Kh2 Rxh3+ 0-1

[Event "Caspian Cup 17th"]
[Site "Bandar e Anzali"]
[Date "2019.02.14"]
[Round "3"]
[White "Lomsadze, David"]
[Black "Grigoryan, Karen H"]
[Result "1/2-1/2"]
[WhiteElo "2286"]
[BlackElo "2590"]
[PlyCount "99"]
[EventDate "2019.02.12"]
[EventType "swiss"]
[EventRounds "9"]
[EventCountry "IRI"]
[SourceTitle "CBM 189 Extra"]
[Source "ChessBase"]
[SourceDate "2019.05.31"]
[SourceVersion "1"]
[SourceVersionDate "2019.05.31"]
[SourceQuality "1"]

1. Nf3 d5 2. g3 Nf6 3. Bg2 c6 4. 0-0 Bg4 5. d4 Nbd7 6. Nbd2 e6 7. Re1 Be7 8. c3 0-0 9. e4 a5 10. h3 Bh5 11. a4 Bg6 12. exd5 cxd5 13. Ne5 Nxe5 14. dxe5 Nd7 15. Nb3 Nc5 16. Nxc5 Bxc5 17. Qb3 Qb6 18. Qxb6 Bxb6 19. Be3 Bxe3 20. Rxe3 Rac8 21. Bf1 Bc2 22. Bb5 Bb3 23. Ra3 Bc4 24. Bxc4 Rxc4 25. Rd3 Rb8 26. Kg2 g5 27. Kf3 b5 28. axb5 Rxb5 29. b3 Rc8 30. Kg4 h6 31. Kh5 Kg7 32. h4 Rbc5 33. hxg5 hxg5 34. Kxg5 Rxc3 35. Rxc3 Rxc3 36. Rxa5 Rf3 37. Ra2 Rf5+ 38. Kg4 Rxe5 39. f3 Re3 40. Rb2 f5+ 41. Kf4 d4 42. g4 fxg4 43. Kxg4 Kf6 44. b4 Ke5 45. b5 Re1 46. b6 Rg1+ 47. Kh3 Rg8 48. b7 Rb8 49. Kg3 Kd5 50. f4 1/2-1/2